Forgotten and lost? (Record no. 28852)
[ view plain ]
| 000 -LEADER | |
|---|---|
| fixed length control field | 00678nam a2200145Ia 4500 |
| 008 - FIXED-LENGTH DATA ELEMENTS--GENERAL INFORMATION | |
| fixed length control field | 220620s9999||||xx |||||||||||||| ||und|| |
| 020 ## - INTERNATIONAL STANDARD BOOK NUMBER | |
| International Standard Book Number | 9789610000000 |
| 022 ## - INTERNATIONAL STANDARD SERIAL NUMBER | |
| International Standard Serial Number | 2335-4208 |
| 100 ## - MAIN ENTRY--PERSONAL NAME | |
| Personal name | Stichelbaut, Birger |
| 245 #0 - TITLE STATEMENT | |
| Title | Forgotten and lost? |
| Remainder of title | Archival research of aerial photographic collections of the Western Front 1914-1918: A guide to the archives |
| 546 ## - LANGUAGE NOTE | |
| Language note | English[eng] |
| 650 ## - SUBJECT ADDED ENTRY--TOPICAL TERM | |
| Topical term or geographic name entry element | air photos||archives||historical sources||photographic collections||World War 1914-1918||arhivsko gradivo||fotografije iz zraka||fotografske zbirke||svetovna vojna 1914-1918||zgodovinski viri |
| 856 ## - ELECTRONIC LOCATION AND ACCESS | |
| Uniform Resource Identifier | <a href="https://omp.zrc-sazu.si/zalozba/catalog/view/919/3899/429-3">https://omp.zrc-sazu.si/zalozba/catalog/view/919/3899/429-3</a> |
| 942 ## - ADDED ENTRY ELEMENTS (KOHA) | |
| Koha item type | E-Books |
| Withdrawn status | Lost status | Damaged status | Not for loan | Home library | Current library | Date acquired | Total Checkouts | Date last seen | Price effective from | Koha item type |
|---|---|---|---|---|---|---|---|---|---|---|
| Kerala University of Digital Sciences, Innovation and Technology Knowledge Centre | Kerala University of Digital Sciences, Innovation and Technology Knowledge Centre | 20/06/2022 | 20/06/2022 | 20/06/2022 | E-Books |